000 00765nam a2200253Ia 4500
003 OSt
005 20221005034157.0
006 a|||||r|||| 00| 0
007 ta
008 221004b |||||||| |||| 00| 0 ara d
020 _cINR 600.00
024 _a36846
037 _b5142, 31/01/2018, Kitabi Duniya
_cTextual
040 _aCRL
_cCRL
_bara
041 _2ara
_aara
082 _aO164,1:gw, 168Q7
100 _aHaidar Zishan Au.
_9586802
245 0 _aAhad-e-hazir ke mashhor Irani shora
260 _aDelhi
_bEducational publishing house India
_c2017
300 _a524p.
_ccm.
650 _aPERSIAN POETRY
942 _hO164,1:gw, 168Q7
_cTEXL
_2cc
999 _c942798
_d942798